| 000 | 00830cam a2200277 a 4500 | ||
|---|---|---|---|
| 001 | 18279 | ||
| 003 | BD-RJUL | ||
| 005 | 20211209000248.0 | ||
| 008 | 500101s1972 II a b 001 0 eng d | ||
| 020 | _a0700222227 | ||
| 035 | _a(bd-rjul)18337 | ||
| 040 |
_aBD-RjUL _beng _cBD-RjUL |
||
| 041 | _aeng | ||
| 082 |
_a332.401 _bLAD 1972 |
||
| 100 | 1 |
_aLaidler, David E. W. _913985 |
|
| 245 | 1 | 4 |
_aThe demand for money : _btheories and evidence / _cDavid E. W. Laidler. |
| 260 |
_aBombay : _ballied publisher private ltd. _c1972. |
||
| 300 |
_axiii, 128 p. : _bills. ; _c21 cm. |
||
| 490 | 0 | _aInternational's series in monetary economics. | |
| 504 | _aincludes index | ||
| 650 | 0 |
_aDemand for money. _917302 |
|
| 650 | 0 |
_aMoney _xMathematical models. _97689 |
|
| 942 |
_2ddc _cBK |
||
| 999 |
_c18279 _d18279 |
||